000 00292nam a2200145Ia 4500
100 _aSilberschatz/Abraham/ Galvin/ P.B.
250 _a8
942 _cBK
366 _f25
245 _aOperating system
260 _bWiley India
_c2010
300 _a972
546 _aENGLISH
999 _c23385
_d23385